| 000 | 01728nam0a22002891 4500 | ||
|---|---|---|---|
| 001 | RU\NLR\19V\935273 | ||
| 005 | 20260406220911.0 | ||
| 035 | _a(NLR Aleph) 010351928 | ||
| 090 |
_a10749271 _c10749271 |
||
| 100 | _a20140423d1842 |||y0rusy50 ca | ||
| 101 | 0 | _arus | |
| 102 | _aRU | ||
| 105 | _ay z ||||| | ||
| 200 | 1 |
_aУстав Больницы всех скорбящих _e[утвержден 10 января 1842 г.] |
|
| 210 |
_a[Санктпетербург _d1842] |
||
| 215 |
_a[78] с. _d34 |
||
| 327 | 0 | _aПеред текстом: "Указ Его Императорского Величества, самодержца всероссийского из Правительствующего Сената" [об утверждении Устава Больницы всех скорбящих] | |
| 464 | 0 |
_12001#$aУказ Его Императорского Величества, самодержца всероссийского из Правительствующего Сената об утверждении Устава Больницы всех скорбящих _1210##$d1842 _tУказ Его Императорского Величества, самодержца всероссийского из Правительствующего Сената об утверждении Устава Больницы всех скорбящих |
|
| 620 |
_aRU _dСанкт-Петербург |
||
| 710 | 0 | 2 |
_aПетербургская больница всех скорбящих _3RU\NLR\AUTH\889975476 _9447853 |
| 801 | 0 |
_aRU _bNLR _c20140423 _gpsbo |
|
| 801 | 1 |
_aRU _bNLR _c20140423 _2rusmarc |
|
| 801 | 2 |
_aRU _bNLR _c20140423 _2rusmarc |
|
| 852 |
_aNLR _j18.101.1.103 |
||
| 942 | _cBOOK | ||
| 980 | _aNB | ||